Pasión de amor = Passion d'amour /

Reflexión sobre el amor, las relaciones de pareja y el culto a la belleza física a través de la historia de un militar italiano que, en 1862, se ve atrapado en una relación con una mujer que sobresale por su fealdad. Antes de ser transferido a la frontera, había conocido a una bella dama, de quien d...

Descripció completa

Guardat en:
Dades bibliogràfiques
Autor principal: Scola, Ettore (realización)
Altres autors: Maccari, Ruggero (guión) (guión), Scola, Ettore (guión) (guión), Ragona, Claudio (fotógrafo) (fotógrafo), Pescucci, Gabriella (vestuario) (vestuario), Crociani, Raimondo (montaje) (montaje), Trovajoli, Armando (música) (música), D'Obici, Valeria (actuación) (actuación), Giraudeau, Bernard (actuación) (actuación), Antonelli, Laura (actuación) (actuación)
Format: Diapositiva
Idioma:francès
Publicat: París, Francia : Roma, Italia : Les Films Marceau ; Massfilm, 1981, c1981
Matèries:
Etiquetes: Afegir etiqueta
Sense etiquetes, Sigues el primer a etiquetar aquest registre!

MARC

LEADER 00000ngm^a2200000^a^4500
001 000297444
005 20250521000000.0
009 20260310112339.753
037 |a Acervo ITESO - Biblioteca 
041 |a FRA 
082 |a 850.  |b SCO 
100 |a Scola, Ettore  |e (realización) 
240 1 1 |a [Pasión de amor] 
245 1 0 |a Pasión de amor =  |b Passion d'amour /  |c Realización de E. Scola. 
264 4 |a París, Francia :  |b Les Films Marceau ;  |a Roma, Italia :  |b Massfilm,  |c 1981, c1981 
264 2 |a México :  |b Zima Entertainment [distribución],  |c 2005, c2005 
300 |a 1 DVD regiones 1 y 4 (113 min.) :  |b color 
336 |a imagen móvil bidimensional  |b tdi  |2 rdacontenido 
337 |a video  |b v  |2 rdamedio 
338 |a videodisco  |b vd  |2 rdasoporte 
500 |a Traducción de: Passione d'amore 
500 |a Basado en: Fosca, de Iginio Ugo Tarchetti 
520 |a Reflexión sobre el amor, las relaciones de pareja y el culto a la belleza física a través de la historia de un militar italiano que, en 1862, se ve atrapado en una relación con una mujer que sobresale por su fealdad. Antes de ser transferido a la frontera, había conocido a una bella dama, de quien de inmediato se enamoró; ahora, la sobrina del coronel que lo hospeda, una persona sin gracia, lo ha convertido en el objeto obsesivo de su pasión. Aunque él no está interesado en ella, se le informa que sin sus atenciones, la joven morirá. El décimo cuarto largometraje de ficción y una de las películas mayores dirigidas por el italiano Ettore Scola (1931-2016), basada en la novela Fosca (1869), del piamontés Iginio Ugo Tarchetti (1839-69). 
520 |a Suplementos y características especiales (en español): 1) Pantallas de texto con sinopsis de la película y referencias de las filmografías del director, el productor Franco Committeri y los intérpretes Valeria D'Obici, Bernard Giraudeau, Jean-Louis Trintignant y Laura Antonelli. 
530 |a Existe una edición en formato audiovisual en VHS con el mismo título 
546 |a Doblaje al francés 
546 |a En francés, con subtítulos opcionales: español 
586 |a Premio David di Donatello, de la Academia Italiana de Cine (26°: 1981): Mejor Película (finalista) 
586 |a Premio David di Donatello, de la Academia Italiana de Cine (26°: 1981): Mejor Dirección (finalista: Ettore Scola) 
586 |a Premio David di Donatello, de la Academia Italiana de Cine (26°: 1981): Película con más candidaturas finalistas (6) 
649 |a XX 
650 |a Melodramas 
650 |a Dramas Cinematográficos 
650 |a Cine Italiano -  |y 1980-1989 
650 |a Cine Italiano -  |y Siglo XX 
650 |a Novela Italiana -  |x Adaptaciones para Cine 
650 |a Literatura Italiana -  |y Siglo XIX -  |x Adaptaciones para Cine 
650 |a Literatura y Cine 
650 |a Belleza Personal 
650 |a Pasión Amorosa -  |x Tema Principal 
650 |a Amor 
650 |a Muerte 
650 |a Relaciones de Pareja 
650 |a Relaciones Intergénero 
700 |a Maccari, Ruggero  |e (guión) 
700 |a Scola, Ettore  |e (guión) 
700 |a Ragona, Claudio  |e (fotógrafo) 
700 |a Pescucci, Gabriella  |e (vestuario) 
700 |a Crociani, Raimondo  |e (montaje) 
700 |a Trovajoli, Armando  |e (música) 
700 |a D'Obici, Valeria  |e (actuación) 
700 |a Giraudeau, Bernard  |e (actuación) 
700 |a Antonelli, Laura  |e (actuación) 
910 |a Fondo General 
920 |a Audiovisuales - DVDs 
940 |a Películas 
905 |a 302 
901 |a 0500093749  |b IT2  |c DVS  |i C116136  |u 20250521 
902 |a https://opac.biblio.iteso.mx/vufind/Record/000297444